Normal view
MARC view
Entry Personal Name
001 - CONTROL NUMBER
- control field: 1238333
003 - CONTROL NUMBER IDENTIFIER
- control field: OSt
005 - DATE AND TIME OF LATEST TRANSACTION
- control field: 20260430150737.0
008 - FIXED-LENGTH DATA ELEMENTS
- fixed length control field: 260430|| aca||aabn | a|a d
040 ## - CATALOGING SOURCE
- Original cataloging agency: OSt
- Transcribing agency: OSt
100 ## - HEADING--PERSONAL NAME
- Personal name: दिल्ली विश्वविद्यालय. कला संकाय. इतिहास विभाग
670 ## - SOURCE DATA FOUND
- Source citation: Work cat.: (OSt)1850565: राजेश कुमार, ले., डाॅ0 बी. आर. अम्बेडकर और श्रमिक कल्याण की राजनीति: एक ऐतिहासिक अध्ययन: 1926 - 1953, 2021
